Normal view
MARC view
- Muhammad Abdullah Aslam Mahad Ahmed Hafiz Labeed Ahmed Syed Muhammad Kazim
Entry Personal Name
001 - CONTROL NUMBER
- control field: 71435
003 - CONTROL NUMBER IDENTIFIER
- control field: NUST
005 - DATE AND TIME OF LATEST TRANSACTION
- control field: 20210628204634.0
008 - FIXED-LENGTH DATA ELEMENTS
- fixed length control field: 210628|| aca||aabn | a|a d
040 ## - CATALOGING SOURCE
- Original cataloging agency: NUST
- Transcribing agency: NUST
100 ## - HEADING--PERSONAL NAME
- Personal name: Muhammad Abdullah Aslam Mahad Ahmed Hafiz Labeed Ahmed Syed Muhammad Kazim
670 ## - SOURCE DATA FOUND
- Source citation: Work cat.: (NUST): Muhammad Abdullah Aslam Mahad Ahmed Hafiz Labeed Ahmed Syed Muhammad Kazim, PR-SOF-1768-Frequency Reconfigurable Patch Antenna Using Liquid Crystals Approach, 2018
